000 00924nam a22003017a 4500
003 OSt
005 20251216031117.0
008 251216b |||||||| |||| 00| 0 eng d
020 _a978-1-85326-020-9.
040 _aDWCL Main Lib.
_cOC
082 _aFic. B869j 1999
100 _aBronte, Charlotte
245 _aJane Eyre/
_cCharlotte Bronte
260 _aLondon :
_bWadsworth Classics,
_cc1999.
300 _axxix, 410 p. ;
_c20 cm.
500 _aIncludes bibliographical references.
650 _a1. Charity-schools-Fiction.
650 _a2. Country homes-Fiction.
650 _23. England-Fiction.
650 _a4. Fathers and daughters-Fiction.
650 _a5. Governess-Fiction.
650 _a6. Married people-fiction.
650 _a7. Mentally ill women-Fiction.
650 _a8. Orphans-Fiction.
650 _a9. Young women-Fictions.
700 _aMinogue, Sally
942 _2ddc
_cFIC.
_kFic.
_n0
999 _c7105
_d7105